[Event "Cerdanyola del Valles op 24th"]
[Site "Cerdanyola del Valles"]
[Date "2016.11.12"]
[Round "6"]
[White "Norte Garcia, Andrea"]
[Black "Borges Ayats, Joaquim"]
[Result "1/2-1/2"]
[WhiteElo "1997"]
[BlackElo "1967"]
[PlyCount "72"]
[EventDate "2016.10.01"]
[EventType "swiss"]
[EventRounds "8"]
[EventCountry "ESP"]
[SourceTitle "EXT 2018"]
[Source "ChessBase"]
[SourceDate "2017.10.13"]
[SourceVersion "1"]
[SourceVersionDate "2017.10.13"]
[SourceQuality "1"]

1. e4 d5 2. exd5 Qxd5 3. Nc3 Qd6 4. d4 Nf6 5. Nf3 a6 6. Bc4 Bg4 7. h3 Bh5 8. g4 Bg6 9. Ne5 Nc6 10. Bf4 Nxe5 11. dxe5 Qc6 12. Bd5 Nxd5 13. Qxd5 Qxd5 14. Nxd5 0-0-0 15. Ne3 Rd4 16. Bg3 Be4 17. 0-0 Bf3 18. c3 Rd2 19. Nc4 Rc2 20. Rfc1 Rxc1+ 21. Rxc1 h5 22. g5 e6 23. h4 Bc5 24. b4 Be7 25. Nd2 Bg4 26. f3 Bf5 27. Nb3 Rd8 28. Nd4 Bg6 29. Bf2 c5 30. bxc5 Bxc5 31. a4 Rd5 32. f4 Ba3 33. Rd1 Bc5 34. Rd2 Ba3 35. Rd1 Bc5 36. Rd2 Ba3 1/2-1/2

[Event "Badalona op-B 41st"]
[Site "Badalona"]
[Date "2015.08.06"]
[Round "5"]
[White "Garcia Riera, Josep"]
[Black "Norte Garcia, Andrea"]
[Result "1-0"]
[WhiteElo "2085"]
[BlackElo "2118"]
[PlyCount "73"]
[EventDate "2015.08.02"]
[EventType "swiss"]
[EventRounds "9"]
[EventCountry "ESP"]
[SourceTitle "EXT 2016"]
[Source "ChessBase"]
[SourceDate "2015.10.08"]
[SourceVersion "1"]
[SourceVersionDate "2015.10.08"]
[SourceQuality "1"]

1. d4 Nf6 2. c4 g6 3. Nc3 Bg7 4. e4 d6 5. Be2 0-0 6. Nf3 e5 7. 0-0 Nc6 8. d5 Ne7 9. Ne1 Nd7 10. Be3 f5 11. f3 f4 12. Bf2 g5 13. Nd3 Ng6 14. c5 Nf6 15. Rc1 Rf7 16. cxd6 cxd6 17. Nb5 g4 18. Qc2 g3 19. hxg3 fxg3 20. Bxg3 Nh5 21. Bf2 Bh6 22. Nc7 Bxc1 23. Rxc1 Rb8 24. Bxa7 Qg5 25. Ne6 Bxe6 26. dxe6 Rff8 27. Bxb8 Qe3+ 28. Nf2 Rxb8 29. Rd1 Nhf4 30. Bf1 Qb6 31. Qb3 Qc7 32. g3 Nh5 33. Qd5 Nxg3 34. Qxd6 Qxd6 35. Rxd6 Rc8 36. Bb5 Nh4 37. e7 1-0

[Event "Badalona op-B 41st"]
[Site "Badalona"]
[Date "2015.08.04"]
[Round "3"]
[White "Lorente Munoz, Raul"]
[Black "Norte Garcia, Andrea"]
[Result "1/2-1/2"]
[WhiteElo "2041"]
[BlackElo "2118"]
[PlyCount "92"]
[EventDate "2015.08.02"]
[EventType "swiss"]
[EventRounds "9"]
[EventCountry "ESP"]
[SourceTitle "EXT 2016"]
[Source "ChessBase"]
[SourceDate "2015.10.08"]
[SourceVersion "1"]
[SourceVersionDate "2015.10.08"]
[SourceQuality "1"]

1. d4 Nf6 2. c4 g6 3. Nc3 Bg7 4. Nf3 0-0 5. Bg5 d6 6. g3 Nc6 7. Bg2 h6 8. Bf4 Nh5 9. Bc1 e5 10. dxe5 dxe5 11. Qxd8 Nxd8 12. Nd5 c6 13. Ne7+ Kh7 14. Nxc8 Rxc8 15. e4 Ne6 16. Be3 Nd4 17. 0-0-0 c5 18. Nd2 Bf6 19. Nb1 Bg5 20. Rhe1 Rfd8 21. Nc3 b6 22. Rf1 f5 23. f4 Bf6 24. Nd5 exf4 25. gxf4 fxe4 26. Bxe4 Re8 27. Bd3 Nf5 28. Bd2 Bd4 29. Rde1 Nf6 30. Bxf5 gxf5 31. Ne7 Rcd8 32. Nxf5 Bxb2+ 33. Kc2 Ne4 34. Re2 Rxd2+ 35. Rxd2 Nxd2 36. Kxd2 Kg6 37. Ne3 Rd8+ 38. Kc2 Bd4 39. Nd5 Re8 40. f5+ Kf7 41. Kd3 Re5 42. a4 h5 43. Kd2 Bb2 44. Kd3 Bd4 45. Kd2 Bb2 46. Kd3 Bd4 1/2-1/2

[Event "Cerdanyola del Valles 2nd"]
[Site "Cerdanyola del Valles"]
[Date "2012.11.01"]
[Round "5"]
[White "Pozanco Romasanta, Marc"]
[Black "Norte Garcia, Andrea"]
[Result "0-1"]
[WhiteElo "2005"]
[BlackElo "2008"]
[PlyCount "64"]
[EventDate "2012.09.29"]
[EventType "tourn"]
[EventRounds "9"]
[EventCountry "ESP"]
[SourceTitle "EXT 2014"]
[Source "ChessBase"]
[SourceDate "2013.11.20"]
[SourceVersion "1"]
[SourceVersionDate "2013.11.20"]
[SourceQuality "1"]

1. d4 Nf6 2. c4 g6 3. Nc3 Bg7 4. e4 d6 5. Be2 0-0 6. Bg5 c5 7. d5 b5 8. cxb5 a6 9. bxa6 Bxa6 10. Bxa6 Nxa6 11. Nf3 Qb6 12. Rb1 Rfb8 13. 0-0 h6 14. Be3 Nd7 15. Qd2 Kh7 16. b3 Qb4 17. Rfc1 Qa3 18. Ne1 Nb4 19. Nc2 Nxc2 20. Qxc2 Bxc3 21. Qxc3 Qb4 22. Qc2 Ra3 23. Bd2 Qb5 24. Re1 Rba8 25. Rb2 Ne5 26. Re3 Qa6 27. Rh3 h5 28. Bc3 Rxa2 29. Bxe5 dxe5 30. Rc3 Ra1+ 31. Rb1 Qe2 32. Rc1 Qe1+ 0-1

[Event "ESP-ch U18"]
[Site "Salobrena"]
[Date "2012.07.23"]
[Round "2"]
[White "Norte Garcia, Andrea"]
[Black "Gutierrez Valero, Mario"]
[Result "1/2-1/2"]
[WhiteElo "1983"]
[BlackElo "2135"]
[PlyCount "129"]
[EventDate "2012.07.23"]
[EventType "swiss"]
[EventRounds "9"]
[EventCountry "ESP"]
[SourceTitle "EXT 2014"]
[Source "ChessBase"]
[SourceDate "2013.11.20"]
[SourceVersion "1"]
[SourceVersionDate "2013.11.20"]
[SourceQuality "1"]

1. e4 c5 2. Nf3 Nc6 3. d4 cxd4 4. Nxd4 Nf6 5. Nc3 e5 6. Ndb5 d6 7. Bg5 a6 8. Na3 b5 9. Nd5 Be7 10. Bxf6 Bxf6 11. c3 Bg5 12. Nc2 0-0 13. a4 bxa4 14. Rxa4 a5 15. Bc4 Rb8 16. b3 Kh8 17. 0-0 g6 18. Qd3 f5 19. Rd1 Ne7 20. Nxe7 Bxe7 21. Ne3 fxe4 22. Qxe4 Bb7 23. Bd5 Rf4 24. Qd3 Rxa4 25. bxa4 Bc8 26. Be4 Bd7 27. Nd5 Bf8 28. Qc2 Kg7 29. f4 Qe8 30. Rf1 Bxa4 31. Qf2 Rd8 32. fxe5 dxe5 33. Qf6+ Kg8 34. Nc7 Bc5+ 35. Kh1 Qe7 36. Bd5+ Rxd5 37. Nxd5 Qxf6 38. Nxf6+ Kg7 39. Ne4 Be7 40. Ra1 Bc2 41. Nd2 a4 42. Nc4 e4 43. Nb6 e3 44. Nd5 Bc5 45. Re1 a3 46. Nxe3 Bd3 47. Nf1 a2 48. Ra1 Bc4 49. Nd2 Bf7 50. c4 Bb4 51. Rxa2 Bxd2 52. Rxd2 Bxc4 53. Kg1 g5 54. Kf2 Kf6 55. Ke3 Be6 56. Rb2 Bd5 57. Kd4 Be6 58. Rf2+ Kg7 59. Ke5 Bf7 60. Kf5 h6 61. Rb2 Bg6+ 62. Ke5 Bf7 63. Rb7 Kg6 64. g4 Bc4 65. Rb6+ 1/2-1/2

[Event "Catalunya-ch U18"]
[Site "Vila Seca"]
[Date "2012.04.02"]
[Round "5"]
[White "Norte Garcia, Andrea"]
[Black "Fernandez Diaz, Cristian"]
[Result "1/2-1/2"]
[WhiteElo "1920"]
[BlackElo "2163"]
[PlyCount "61"]
[EventDate "2012.03.31"]
[EventType "swiss"]
[EventRounds "9"]
[EventCountry "ESP"]
[SourceTitle "EXT 2015"]
[Source "ChessBase"]
[SourceDate "2014.11.20"]
[SourceVersion "1"]
[SourceVersionDate "2014.11.20"]
[SourceQuality "1"]

1. e4 c5 2. Nf3 Nc6 3. d4 cxd4 4. Nxd4 Nf6 5. Nc3 d6 6. Be2 g6 7. 0-0 Nxd4 8. Qxd4 Bg7 9. Bb5+ Bd7 10. Bxd7+ Qxd7 11. Rd1 0-0 12. e5 Ng4 13. f4 Qe6 14. Qd5 Qxd5 15. Nxd5 dxe5 16. Nxe7+ Kh8 17. h3 Rfe8 18. Nd5 Nf6 19. Nxf6 Bxf6 20. fxe5 Rxe5 21. Rf1 Kg7 22. Bh6+ Kxh6 23. Rxf6 Kg7 24. Raf1 Re7 25. R1f2 Rd8 26. Kh2 Rd1 27. a4 h5 28. h4 Rd4 29. R6f4 Red7 30. c3 Rd1 31. b4 1/2-1/2

[Event "Valles Occidental-ch U18 qual"]
[Site "Sabadell"]
[Date "2012.01.28"]
[Round "2.2"]
[White "Cadierno Garcia, Pau"]
[Black "Norte Garcia, Andrea"]
[Result "0-1"]
[WhiteElo "1700"]
[BlackElo "2116"]
[PlyCount "110"]
[EventDate "2012.01.21"]
[EventType "swiss"]
[EventRounds "5"]
[EventCountry "ESP"]
[SourceTitle "EXT 2024"]
[Source "ChessBase"]
[SourceDate "2023.10.10"]
[SourceVersion "1"]
[SourceVersionDate "2023.10.10"]
[SourceQuality "1"]

1. e4 c5 2. Nc3 e6 3. f4 a6 4. a4 d5 5. e5 Nc6 6. Nf3 Nh6 7. d4 Nf5 8. Ne2 Be7 9. g3 0-0 10. Bg2 Qc7 11. 0-0 Nfxd4 12. Be3 Nxe2+ 13. Qxe2 Bd7 14. c3 Rab8 15. Qf2 b6 16. Rfd1 Na5 17. Bf1 b5 18. axb5 axb5 19. Qc2 Nc4 20. Bf2 Bc6 21. Nd2 Nxd2 22. Rxd2 Ra8 23. Rdd1 c4 24. Bd4 b4 25. Qf2 bxc3 26. Bxc3 Ba4 27. Rdc1 Bc5 28. Bd4 Bxd4 29. Qxd4 Bb3 30. Be2 Rfb8 31. Bd1 Rxa1 32. Rxa1 Bxd1 33. Rxd1 Qb7 34. Ra1 g6 35. Ra2 Qb3 36. Qa7 Qd1+ 37. Kg2 Qe2+ 38. Qf2 Qe4+ 39. Qf3 Qb1 40. Qa3 Rb3 41. Qa7 Rxb2+ 42. Rxb2 Qxb2+ 43. Qf2 Qxf2+ 44. Kxf2 d4 45. Ke2 Kf8 46. h3 h5 47. g4 hxg4 48. hxg4 Ke7 49. Kf3 c3 50. Ke2 Kd7 51. Kd3 Kc6 52. Kc2 Kc5 53. Kd3 Kd5 54. g5 Kc5 55. Kc2 Kc4 0-1

[Event "ESP-ch U16"]
[Site "Padron"]
[Date "2011.07.23"]
[Round "7"]
[White "Norte Garcia, Andrea"]
[Black "Nicolas Zapata, Irene"]
[Result "0-1"]
[WhiteElo "1944"]
[BlackElo "2118"]
[PlyCount "94"]
[EventDate "2011.07.19"]
[EventType "swiss"]
[EventRounds "9"]
[EventCountry "ESP"]
[SourceTitle "CBM 143 Extra"]
[Source "ChessBase"]
[SourceDate "2011.08.29"]
[SourceVersion "1"]
[SourceVersionDate "2011.08.29"]
[SourceQuality "1"]

1. e4 e6 2. d4 d5 3. Nd2 Be7 4. e5 c5 5. Qg4 Kf8 6. dxc5 Nc6 7. Qg3 h5 8. Nb3 Nh6 9. Nf3 Nf5 10. Qf4 f6 11. exf6 Bxf6 12. c4 e5 13. Qd2 Nfd4 14. Nfxd4 exd4 15. Be2 Be6 16. cxd5 Bxd5 17. 0-0 a5 18. Qf4 Kg8 19. Nd2 Be5 20. Qf5 Qf6 21. Qxf6 Bxf6 22. Nc4 Re8 23. Bd3 Nb4 24. Nd6 Rd8 25. Bf5 b6 26. a3 Na6 27. Be4 Rxd6 28. cxd6 Bxe4 29. Bf4 Kf7 30. f3 Bb7 31. b4 a4 32. Rfe1 Rd8 33. Be5 Bxe5 34. Rxe5 Rxd6 35. Rd1 g6 36. Kf2 Nc7 37. Rde1 Rd7 38. f4 Kf6 39. h3 h4 40. g4 hxg3+ 41. Kxg3 Bd5 42. R5e2 d3 43. Rd2 Bc4 44. Kf3 Nb5 45. Rc1 Nd4+ 46. Ke3 b5 47. Rcd1 Nc2+ 0-1

[Event "Catalunya-ch (Women)"]
[Site "Barbera del Valles"]
[Date "2010.12.07"]
[Round "6"]
[White "Ruiz Font, Elisabet"]
[Black "Norte Garcia, Andrea"]
[Result "1/2-1/2"]
[WhiteElo "1920"]
[BlackElo "1924"]
[PlyCount "48"]
[EventDate "2010.12.04"]
[EventType "swiss"]
[EventRounds "6"]
[EventCountry "ESP"]
[SourceTitle "EXT 2019"]
[Source "ChessBase"]
[SourceDate "2018.10.10"]
[SourceVersion "1"]
[SourceVersionDate "2018.10.10"]
[SourceQuality "1"]

1. e4 c5 2. Nf3 e6 3. d4 cxd4 4. Nxd4 a6 5. c4 Nf6 6. Nc3 Qc7 7. a3 d6 8. Be2 Be7 9. Be3 Nbd7 10. 0-0 b6 11. Rc1 Bb7 12. f3 Rc8 13. b4 0-0 14. Kh1 Qb8 15. Na4 Rfe8 16. Nb3 Bd8 17. Bf4 Bc7 18. c5 bxc5 19. bxc5 Bc6 20. cxd6 Bxa4 21. dxc7 Qxb3 22. Qxb3 Bxb3 23. Bxa6 e5 24. Be3 Nf8 1/2-1/2

[Event "Catalunya-ch U16"]
[Site "Sabadell"]
[Date "2010.02.06"]
[Round "4.1"]
[White "Norte Garcia, Andrea"]
[Black "Jareno Badenas, Aleix"]
[Result "0-1"]
[WhiteElo "1994"]
[BlackElo "2092"]
[PlyCount "60"]
[EventDate "2010.01.16"]
[EventType "swiss"]
[EventRounds "6"]
[EventCountry "ESP"]
[SourceTitle "EXT 2024"]
[Source "ChessBase"]
[SourceDate "2023.10.10"]
[SourceVersion "1"]
[SourceVersionDate "2023.10.10"]
[SourceQuality "1"]

1. e4 e6 2. d3 d5 3. Nd2 c5 4. g3 Nc6 5. Bg2 Nf6 6. Ngf3 Be7 7. 0-0 0-0 8. Re1 b5 9. e5 Nd7 10. Nf1 a5 11. h4 Ba6 12. h5 b4 13. Bf4 a4 14. a3 bxa3 15. bxa3 Rb8 16. c4 dxc4 17. dxc4 Nb6 18. N3d2 Na5 19. Qg4 Kh8 20. Rad1 Qc7 21. Ne4 Bb7 22. Ne3 Naxc4 23. Nxc4 Nxc4 24. Nf6 Bxg2 25. Kxg2 gxf6 26. exf6 Qc6+ 27. Kg1 Rg8 28. Qe2 Rb2 29. Qxc4 Bxf6 30. Be3 Rxg3+ 0-1